Football : Girondins de Bordeaux - Statistiques

Statistiques générales
  • Ce quiz a été pris 238 fois
    224 depuis la dernière actualisation
  • Le résultat moyen est 19 sur 24
Statistiques - réponses
Questions Réponses % Correct
Que signifie les lettres FCGB ? Football Club des Girondins de Bordeaux
98%
Quelles sont les couleurs emblématiques du club ? Bleu et Blanc
97%
Combien de titres de champions de France sont dans les armoires girondines ? 6
95%
Quel club s'oppose à Bordeaux dans le derby de la Garonne ? Toulouse Football Club
93%
Dans quelle division les Girondins ont-ils été reléguées des suites de problèmes financiers ? National 2
92%
En quelle année le dernier a-t-il été dégoté ? 2009
91%
Quel président a contribué a cette mauvaise gestion financière ? Gérard Lopez
91%
Pour quelle équipe sudiste jouer à Bordeaux est-elle un calvaire ? Olympique de Marseille
89%
Comment s'appelle le stade de Bordeaux ? Matmut Atlantique
88%
Quel célèbre milieu de terrain chauve français a foulé les terrains bordelais au début de sa carrière, avant de s'envoler pour Turin en 1996? Zinédine Zidane
88%
Quel entraîneur a permis cet accès au titre avant de signer pour l'équipe de France ? Laurent Blanc
86%
Quel club est le rival de Bordeaux dans le derby de l'Atlantique ? FC Nantes
85%
Quel milieu de terrain, grand espoir français a finalement vu sa carrière entâchée par les blessures ? Yoann Gourcuff
85%
Quel ancien stade reprenait le nom de l'ancien maire de Bordeaux ? Chaban-Delmas
83%
Quel latéral gauche, également légende de l'équipe de France a évolué à Bordeaux avant de jouer pour le Bayern Munich ? Bixente Lizarazu
82%
En quelle année a été fondé le club ? 1881
79%
Quel attaquant brésilien a brillé au club avant de signer pour le FC Barcelone en 2018 ? Malcom
79%
Contre quelle équipe allemande les Girondins de Bordeaux se sont-ils inclinés en finale de coupe UEFA 1996 ? Bayern Munich
75%
Quel attaquant marocain a explosé les compteurs, lui permettant de signer pour Arsenal deux saisons suivantes ? Marouane Chamakh
71%
Quel petit milieu de terrain est le meilleur buteur et le joueur le plus capé du club ? Alain Giresse
69%
Quel latéral gauche d'origine réunionnaise a explosé avant de jouer pour Séville ou encore le Dynamo Kiev ? Benoît Trémoulinas
66%
Quel mythique gardien des Girondins gardait les cages cette saison-là ? Ulrich Ramé
62%
Quel mythique défenseur de Bordeaux a joué l'intégralité de sa carrière au club et ne connut qu'une seule sélection en équipe de France, en 2010 ? Marc Planus
55%
Qui était son compère du milieu de terrain en club et en équipe de France dans les années 1980 ? Jean Tigana
45%
Aucun quiz correspondant
Distribution des résultats
% des personnes avec chaque résultat
Percentile par nombre de réponses
Votre historique - résultats
Vous n’avez pas pris ce quiz depuis la dernière actualisation